000 00290nam a22001217a 4500
003 OSt
008 250211b |||||||| |||| 00| 0 eng d
041 _aeng
100 _aMichael, AM
_96834
245 _aPrinciples of Agricultural Engineering Vol.11
700 _aOjha, TP
_96835
942 _cBK
999 _c19348
_d19348